| 000 | 00000nam##2200000za#4500 |
| 001 | 9.698876 |
| 003 | CaOODSP |
| 005 | 20241203113638 |
| 007 | cr ||||||||||| |
| 008 | 150407|2006||||xxc|||||o f|0| 0 eng|d |
| 040 | |aCaOODSP|beng |
| 043 | |an-cn--- |
| 086 | 1 |aEn84-100/2006E-PDF |
| 110 | 1 |aCanada. |bEnvironment Canada. |
| 245 | 10|aJoint Statement of Cooperation on the Georgia Basin and Puget Sound ecosystem : |h[electronic resource]|b2004-2006 report on progress / |c[co-published by the] United States Environmental Protection Agency. |
| 246 | 1 |aEC-US EPA Joint Statement of Cooperation - report on progress 2006 |
| 260 | |aOttawa - Ontario : |bEnvironment Canada |cDecember 6, 2006. |
| 300 | |a15p. |
| 590 | |a14-08-Supp|b2014-04-10 |
| 690 | 07|aEnvironmental protection|2gcpds |
| 775 | 08|tDéclaration conjointe de coopération pour l'écosystème du bassin de Georgia et de Puget Sound : |w(CaOODSP)9.642891 |
| 856 | 40|ahttp://publications.gc.ca|qPDF|s835 KB|uhttps://publications.gc.ca/collections/collection_2014/ec/En84-100-2006-eng.pdf |